Zákon č. 300/2005 Z.z. Trestný zákon s komentárom
Zákon č. 300/2005 Z.z. Trestný zákon v znení ďalších zákonov ... a zákonov č. 262/2011 Z.z. a č. 313/2011 Z.z. Trestný zákon upravuje základy trestnej zodpovednosti, druhy trestov, druhy ochranných opatrení, ich ukladanie a skutkové podstaty trestných činov.
Uložené v:
| Hlavný autor: | |
|---|---|
| Médium: | Kapitola |
| Jazyk: | Slovak |
| Predmet: | |
| Tagy: |
Žiadne tagy, Buďte prvý, kto otaguje tento záznam!
|
MARC
| LEADER | 00000naa a2200000 4500 | ||
|---|---|---|---|
| 001 | 0145902 | ||
| 005 | 20231120102527.8 | ||
| 041 | 0 | |a slo | |
| 044 | |a SK | ||
| 245 | 1 | 0 | |a Zákon č. 300/2005 Z.z. Trestný zákon s komentárom |c Slavomír Šamín |
| 520 | |a Zákon č. 300/2005 Z.z. Trestný zákon v znení ďalších zákonov ... a zákonov č. 262/2011 Z.z. a č. 313/2011 Z.z. Trestný zákon upravuje základy trestnej zodpovednosti, druhy trestov, druhy ochranných opatrení, ich ukladanie a skutkové podstaty trestných činov. | ||
| 610 | 2 | 0 | |a činnosť trestná |
| 610 | 2 | 0 | |a činy trestné |
| 610 | 2 | 0 | |a zákony |
| 610 | 2 | 0 | |a komentáre |
| 610 | 2 | 0 | |a Slovensko |
| 100 | 1 | |a Šamín, Slavomír | |